000 00786nam a2200229 a 4500
001 48118
003 BD-RjUL
005 20211209054449.0
008 160811s1996 bg a|||| |||| 00| p ben d
020 _c: Tk. 50.00
035 _a(BD-RjUL) 48237
040 _aBD-RjUL
_bben
_cBD-RjUL
041 _aben
082 _223
_a891.441
_bMOK 1996
100 1 _aমোকসেদ, জাহানারা
_9145825
245 1 0 _aকমল-কলি /
_cজাহানারা মোকসেদ
260 _aরাজশাহী :
_bকাজী গোলাম মাহবুব,
_c১৯৯৬
300 _a৪৭ পৃ. :
_bচিত্র ;
_c২১ সেমি.
650 _aবাংলা কবিতা
_9145826
650 _aBengali Poetry
_9145827
942 _2ddc
_cBK
999 _c48118
_d48118